|
|
|
|
| LEADER |
00905nam a2200205 i 4500 |
| 003 |
GR-PaULI |
| 005 |
20210923124754.0 |
| 008 |
181105s2004 gr a||| c||| 11| 0dfre d |
| 952 |
|
|
|0 0
|1 0
|2 ddc
|4 0
|6 791_430000000000000_949_5_POR
|7 0
|9 328807
|a LISP
|b LISP
|c DON
|d 2015-03-16
|e ΒΑΛ
|i 132105
|l 0
|o 791.430 949 5 POR
|p 025000252462
|r 2021-09-23 00:00:00
|t 1
|w 2021-09-23
|y BK15
|z Δωρεά Βαλτινού
|
| 999 |
|
|
|c 184171
|d 184171
|
| 040 |
|
|
|a GR-PaULI
|b gre
|c GR-PaULI
|e AACR2
|
| 041 |
|
|
|a fre
|a gre
|
| 082 |
0 |
4 |
|2 23
|a 791.430 949 5
|
| 245 |
1 |
0 |
|a Portraits d'Athènes :
|b 2-27 Juin 2004.
|
| 260 |
|
|
|a [Χ. τ.] :
|b Centre du Cinéma Grec,
|c [2004].
|
| 300 |
|
|
|a 64 σ. :
|b εικ. ;
|c 30 εκ.
|
| 500 |
|
|
|a Εκδήλωση στο Forum des Images (Παρίσι).
|
| 650 |
|
4 |
|9 25060
|a Κινηματογράφος
|x Παραγωγοί και σκηνοθέτες
|z Ελλάδα
|
| 942 |
|
|
|2 ddc
|c BK
|
| 998 |
|
|
|c ΓΚΟΓΚΟΥ
|d 2021-09
|